| 000 | 00534nam a22002417a 4500 | ||
|---|---|---|---|
| 003 | UA-OsUOA | ||
| 001 | 22445 | ||
| 007 | ta | ||
| 008 | 20031220b un ||||| |||| 00| 0 ukr d | ||
| 100 | _aНарский И.С. | ||
| 090 |
_a141 _bН30 |
||
| 942 | _cBK | ||
| 040 |
_aUA-OsUOA _brus _cUA-OsUOA _dUA-OsUOA |
||
| 245 | _aГотфрид Лейбниц | ||
| 300 | _a239 с. | ||
| 955 | _a0 | ||
| 041 | _arus | ||
| 080 | _a141 | ||
| 260 |
_aМосква _bМысль _c1972 |
||
| 044 | _aRU | ||
| 650 | 7 | _2UDC | |
| 999 |
_c308665 _d308665 |
||